000 00487nam a22001697a 4500
005 20250123142050.0
008 250123b |||||||| |||| 00| 0 eng d
020 _a9780470080238
082 _a005.8
_bANL-S
100 _aAnley Chris
245 _aThe shellcoder's handbook :
_bDiscovering and exploiting security holes /
_cChris Anley
260 _aUSA:
_bWiley;
_c2007.
300 _axix, 718 p. :
_bill;
_c24 cm.
500 _ainclude index.
650 _aSecurity
999 _c36823
_d36823